| Tag |
First Indicator |
Second Indicator |
Subfields |
| LEADER |
00000nam a2200000 i 4500 |
| 001 |
in00004674449 |
| 003 |
OCoLC |
| 005 |
20230330165727.8 |
| 006 |
m o d |
| 007 |
cr cnu---unuuu |
| 008 |
220523s2022 nyu ob 001 0 eng |
| 010 |
|
|
|a 2022015453
|
| 024 |
8 |
|
|a 99993667048
|
| 040 |
|
|
|a DLC
|b eng
|e rda
|c DLC
|d OCLCF
|d BLOOM
|d EBLCP
|d YDX
|d N$T
|d UBY
|d OCLCQ
|
| 020 |
|
|
|a 9781501380891
|q electronic book
|
| 020 |
|
|
|a 1501380893
|q electronic book
|
| 020 |
|
|
|a 9781501380877
|q electronic book
|
| 020 |
|
|
|a 1501380877
|q electronic book
|
| 020 |
|
|
|a 1501380885
|q electronic book
|
| 020 |
|
|
|a 9781501380884
|q (electronic bk.)
|
| 020 |
|
|
|z 9781501380860
|q paperback
|
| 035 |
|
|
|a (OCoLC)1295226915
|
| 042 |
|
|
|a pcc
|
| 050 |
|
4 |
|a GN455.D64
|b H37 2022
|
| 082 |
0 |
0 |
|a 688.7/221
|2 23/eng/20220525
|
| 100 |
1 |
|
|a Hart, Maria Teresa,
|e author.
|
| 245 |
1 |
0 |
|a Doll /
|c Maria Teresa Hart.
|
| 264 |
|
1 |
|a New York :
|b Bloomsbury Academic,
|c 2022.
|
| 300 |
|
|
|a 1 online resource ( unpaged.) :
|
| 336 |
|
|
|a text
|b txt
|2 rdacontent
|
| 337 |
|
|
|a computer
|b c
|2 rdamedia
|
| 338 |
|
|
|a online resource
|b cr
|2 rdacarrier
|
| 490 |
1 |
|
|a Object Lessons.
|
| 504 |
|
|
|a Includes bibliographical references and index.
|
| 505 |
0 |
|
|a Play date #1 -- Bodies that matter: the Barbie doll -- Play date #2 -- All that money can buy: the porcelain doll -- Play date #3 -- The stories we tell: the American girl doll -- Play date #4 -- How to live forever: the celebrity doll -- Play date #5 -- Virtual proxy: the Avatar "doll."
|
| 532 |
0 |
|
|a Compliant with Level AA of the Web Content Accessibility Guidelines. Content is displayed as HTML full text which can easily be resized or read with assistive technology, with mark-up that allows screen readers and keyboard-only users to navigate easily.
|
| 588 |
|
|
|a Description based on online resource; title from digital title page (viewed on October 21, 2022).
|
| 650 |
|
0 |
|a Dolls
|x History.
|
| 650 |
|
0 |
|a Dolls
|x Social aspects.
|
| 650 |
|
0 |
|a Women
|x Social conditions.
|
| 650 |
|
0 |
|a Sex role.
|
| 650 |
|
0 |
|a Gender identity
|x Social aspects.
|
| 650 |
|
0 |
|a Patriarchy
|x Psychological aspects.
|
| 650 |
|
6 |
|a Poupées
|x Histoire.
|
| 650 |
|
6 |
|a Poupées
|x Aspect social.
|
| 650 |
|
7 |
|a Literary theory,Philosophy of language,Feminism & feminist theory,Material culture.
|2 bicssc
|
| 650 |
|
7 |
|a Dolls.
|2 fast
|0 (OCoLC)fst00896460
|
| 650 |
|
7 |
|a Dolls in popular culture.
|2 fast
|0 (OCoLC)fst01903042
|
| 655 |
|
7 |
|a Electronic books.
|2 local
|
| 710 |
2 |
|
|a EBSCOhost
|
| 776 |
1 |
8 |
|i Print version:
|a Hart, Maria Teresa.
|t Doll
|d New York : Bloomsbury Academic, 2022
|z 9781501380860
|w (DLC) 2022015452
|
| 830 |
|
0 |
|a Object lessons.
|
| 856 |
4 |
0 |
|u http://proxy.library.tamu.edu/login?url=https://search.ebscohost.com/login.aspx?direct=true&scope=site&db=nlebk&db=nlabk&AN=3406429
|z Connect to the full text of this electronic book
|t 0
|
| 945 |
|
|
|b 681654
|
| 955 |
|
|
|a YBP purchased EBSCO DDA e-records
|
| 980 |
|
|
|b ebook
|c 99993667048
|f UPGRADE
|g 565702
|k USD
|m 20.24
|q 1
|s AcqMono Conventional
|t Demand driven acquisitions (DDA)
|u Vendor order reference number
|v ZYBP
|y PDA
|z Electronic resource
|
| 999 |
f |
f |
|i 892c6be3-0f09-4c48-a585-4fb18ec6437b
|s 9b3058c4-fef7-4e6b-bf0c-2bcde359747b
|t 0
|
| 952 |
f |
f |
|a Texas A&M University
|b College Station
|c Electronic Resources
|s www_evans
|d Available Online
|t 0
|e GN455.D64 H37 2022
|h Library of Congress classification
|